000 01849cam a22003135i 4500
999 _c28042
_d28013
001 18998221
003 EG-ScBUE
005 20200211153538.0
008 160302t20162016enka f b 001 0 eng d
020 _a9780128018576
040 _aDLC
_beng
_erda
_cDLC
_dEG-ScBUE
082 0 4 _a302.23019
_bEMO
_222
245 0 0 _aEmotions, technology, and social media /
_cedited by Sharon Y. Tettegah, Professor, University of Nevada, Las Vegas, College of Education, Las Vegas, NV, USA. Beckman Institute for Advanced Science and Technology, National Center for Supercomputing Applications, affiliate, University of Illinois, Urbana, IL, USA.
264 1 _a London :
_bAcademic Press / Elsevier,
_c[2016]
264 4 _cc2016
300 _axx, 167 pages :
_billustrations ;
_c24 cm
336 _atext
_btxt
_2rdacontent
337 _aunmediated
_bn
_2rdamedia
338 _avolume
_bnc
_2rdacarrier
504 _aIncludes bibliographical references and index.
520 _a"Emotions, Technology, and Social Media discusses the ways the social media sphere uses emotion and technology, and how each of these has become part of the digital culture. The book explores this expression within a psychological theoretical framework, addressing feelings about social media, and its role in education and knowledge generation. The second section investigates the expression of feelings within social media spaces, while subsequent sections adopt a paradigm of active audience consumption to use social media to express feelings and maintain social connectivity."
650 7 _aInformation technology
_xPsychological aspects.
_2BUEsh
650 7 _aEmotions.
_2BUEsh
650 7 _aOnline social networks
_xPsychological aspects.
_2BUEsh
653 _bCOMAME
_cFebruary2020
700 1 _aTettegah, Sharon,
_eeditor.
942 _2ddc
_cBB